|
|
|
|
| LEADER |
00000nab a2200000 4500 |
| 005 |
20160328162341.0 |
| 008 |
150813b2002 cr f|||| |||| 00| 0 spa d |
| 090 |
|
|
|a REVIS 06.02.01
|
| 100 |
1 |
|
|9 858
|a Lira Valdivia, Rosa Inés
|
| 245 |
1 |
3 |
|a El aprendizaje en-línea: Una experiencia en el Instituto Tecnológico de Costa Rica /
|c Rosa Inés Lira Valdivia, Andrei Fëdorov Fëdorov.
|
| 260 |
|
|
|a San José, Costa Rica :
|b Editorial Universidad de Costa Rica,
|c 2002
|
| 300 |
|
|
|a páginas 197-212
|
| 520 |
|
|
|a La ponencia pretende compartir una experiencia significativa en el ámbito de los cursos virtuales o de la comunicación mediada por computadora. Se enmarca en el contexto de la experiencia generada en el Instituto Tecnológico de Costa Rica, a través del TEC-Virtual cuyo objetivo es producir y poner a disposición de la comunidad cursos universitarios de alta calidad tecnológica y pedagógica en la modalidad asincrónica
|
| 650 |
1 |
4 |
|9 1
|a EDUCACIÓN
|
| 700 |
1 |
|
|9 859
|a Fëdorov Fëdorov, Andrei
|c coautor
|
| 773 |
0 |
|
|d San José, Costa Rica : Editorial de la Universidad de Costa Rica, 1997-
|o R0059
|t EDUCACIÓN: Revista de la Universidad de Costa Rica
|g Vol.26, no.2 (2002)
|
| 942 |
|
|
|h REVIS 06.02.01
|2 z
|c 10
|
| 999 |
|
|
|c 2815
|d 2815
|